[Event "Pamplona"]
[Site "Pamplona"]
[Date "2002.12.23"]
[Round "3"]
[White "Sokolov, Ivan"]
[Black "Bologan, Viktor"]
[Result "1/2-1/2"]
[WhiteElo "2684"]
[BlackElo "2627"]
[Annotator "Dautov,R"]
[PlyCount "133"]
[EventDate "2002.12.21"]
[EventType "tourn"]
[EventRounds "6"]
[EventCountry "ESP"]
[EventCategory "16"]
[SourceTitle "CBM 093"]
[Source "ChessBase"]
[SourceDate "2003.04.01"]
[SourceVersion "1"]
[SourceVersionDate "2003.04.01"]
[SourceQuality "1"]

1. d4 Nf6 2. c4 e6 3. Nf3 d5 4. Nc3 Be7 5. Bf4 O-O 6. e3 Nbd7 7. c5 c6 8. b4 b6
9. h3 $5 {Ein Vorbereitungszug zu der folgenden taktischen Aktion.} ({Diese
taktische Idee kam bereits nach 9.Bd3 vor:} 9. Bd3 a5 10. a3 Ba6 11. Bxa6 Rxa6
12. b5 cxb5 13. c6 Qc8 14. c7 b4 15. Nb5 Ne4 (15... a4 $1) 16. O-O bxa3 17. Qa4
g5 18. Bg3 g4 19. Ne1 Nd2 20. Qd1 Nxf1 21. Qxg4+ Kh8 22. Kxf1 Ra8 23. Nc2 Qa6
24. Qe2 Rg8 25. Ncxa3 $13 {Karpov,A-Georgiev,K/Dubai 2002}) 9... a5 10. a3 Ba6
11. Bxa6 Rxa6 12. b5 cxb5 13. c6 Qc8 14. c7 b4 15. Nb5 a4 $1 $146 {Eine starke
Erwiderung. Weiß wird vor die Wahl gestellt- das Rochaderecht zu verlieren
oder dem Gegner einen gedeckten Freibauern b3 zu überlassen.} (15... bxa3 16.
O-O a4 (16... Ra8 17. Qc2 Ne4 18. Qc6 h6 19. Rfc1 Bb4 20. Rc2 Kh7 21. Ne1 Ndf6
$2 22. f3 Nd2 23. Rxd2 Bxd2 24. Qc2+ $18 {Gustafsson,J-Oms Pallise,J/Andorra
la Vella 2002}) 17. Qc2 Ne4 18. Rfc1 h6 19. Bh2 g6 20. Ne1 Ra8 21. f3 Qa6 22.
Rab1 Nef6 23. Bd6 Bxd6 24. Nxd6 $16 {Schandorff,L-Iordachescu,V/Bled 2002}) 16.
axb4 (16. O-O b3 $13) (16. Rc1 $5 {/\Bd6} Ne8 (16... Ne4 17. Nd2 $1) 17. axb4
Bxb4+ 18. Ke2 $13) 16... Bxb4+ 17. Ke2 Ra5 18. Qd3 ({Nach} 18. Rxa4 $2 Rxb5 {
endete die Partie Svirin-Bryzgalin/Smolensk 1997 remis. Allerdings sahen die
Anfangszüge der Partie anders aus. In Wirklichkeit steht Schwarz hier auf
Gewinn:} 19. Qd3 Ne4 20. Rc1 Rc5 $1 21. dxc5 Ndxc5 $19) 18... Ne4 {/\Rb5} 19.
Rhc1 Qb7 $2 ({Laut Bologan war hier 19...Qa6! der beste Zug. Nach} 19... Qa6 $1
20. Nd6 Qxd3+ 21. Kxd3 Bxd6 22. c8=Q Rxc8 23. Rxc8+ Bf8 {steht Schwarz dank
der Idee b5-b4 besser im Endspiel.}) 20. Rab1 $13 Be7 21. Nd2 Rc8 22. Nxe4 dxe4
23. Qc4 {/\Qc6, /\Bd6} a3 ({In Frage kam 23...Nf6:} 23... Nf6 $5 {/\Nd5} 24.
Bg5 Qa6 25. Bxf6 gxf6 26. Kd1 a3 27. Rb3 $13) 24. Rb3 $1 (24. Bd6 a2 25. Ra1
Rxb5 26. Bxe7 (26. Qxb5 Bxd6 27. Qxd7 Qa6+ $19) 26... Rb2+ 27. Kf1 b5 28. Qc3
Rb1 29. Raxb1 axb1=Q 30. Rxb1 Rxc7 31. Qa5 $11) 24... Qd5 (24... Nf6 $5 $13)
25. Qxd5 exd5 26. g4 (26. Bd6 $1 Kf8 $1 (26... Rxb5 27. Rxb5 Bxd6 28. Rxd5 $18)
(26... a2 27. Bxe7 a1=Q 28. Rxa1 Rxa1 29. Rc3 $16) 27. Rxa3 $1 (27. Bxa3 Bxa3
28. Nxa3 Ke7 29. Nb5 Nf6 $11) 27... Rxa3 (27... Rxb5 $2 28. Ra8 $18) 28. Bxa3
Bxa3 29. Nxa3 Nf6 30. Nb5 Ne8 31. Rc6 Ke7 32. Rxb6 Nxc7 33. Rb7 Kd7 $11) 26...
Nf6 27. Bd6 Kf8 28. Bxa3 Bxa3 29. Nxa3 Ke7 $11 30. Rc6 Kd7 31. Rcxb6 Rxc7 32.
Kf1 Rc6 33. Rb8 Rc8 34. Rxc8 Kxc8 35. Nb5 Ne8 36. Rc3+ Kd7 37. Rc5 Nd6 38. Nxd6
Ra1+ 39. Kg2 Kxd6 40. Rc8 Ke6 41. Re8+ Kf6 42. Re5 Ra5 43. h4 h6 44. h5 g5 45.
hxg6 fxg6 46. Kg3 Rb5 47. Re8 Kg5 48. Re6 Ra5 49. f4+ exf3 50. Re5+ Kf6 51.
Kxf3 Rb5 52. Kf4 g5+ 53. Kf3 Kf7 54. Kg3 Ra5 55. Rf5+ Kg6 56. Rf8 Ra3 57. Kf3
h5 58. Rg8+ Kf7 59. Rxg5 hxg4+ 60. Kf4 Ke6 61. Rxg4 Rb3 62. Rg6+ Ke7 63. Ra6
Rc3 64. Ke5 Rxe3+ 65. Kxd5 Rh3 66. Rg6 Ra3 67. Rg7+ 1/2-1/2

[Event "EU-ch 6th"]
[Site "Warsaw"]
[Date "2005.06.23"]
[Round "6"]
[White "Hulak, Krunoslav"]
[Black "Lputian, Smbat G"]
[Result "0-1"]
[WhiteElo "2534"]
[BlackElo "2640"]
[Annotator "Dautov,R"]
[PlyCount "62"]
[EventDate "2005.06.18"]
[EventType "swiss"]
[EventRounds "13"]
[EventCountry "POL"]
[SourceTitle "CBM 108"]
[Source "ChessBase"]
[SourceDate "2005.09.26"]
[SourceVersion "1"]
[SourceVersionDate "2005.09.26"]
[SourceQuality "1"]

1. d4 d5 2. c4 e6 3. Nc3 Be7 4. Nf3 Nf6 5. Bf4 O-O 6. e3 Nbd7 7. a3 c5 8. cxd5
Nxd5 9. Nxd5 exd5 10. dxc5 Nxc5 11. Be5 Bf5 {Mit diesem Zu signalisiert
Schwarz seine Bereitschaft, einen offenen Kampf zu führen. Mehr verbreitet ist
11...Bf6, womit der Nachziehende in erster Linie Ausgleich sucht.} (11... Bf6
12. Bxf6 Qxf6 13. Qd4 Qd6 14. Rd1 Rd8 15. Be2 Bf5 16. b4 Ne6 17. Qb2 a5 18. O-O
axb4 19. axb4 Ra4 $11 {Gyimesi,Z (2613)-Nielsen,P (2663)/Deutschland 2004}) 12.
Be2 Qb6 (12... Rc8 13. O-O Be4 14. Rc1 a6 15. b4 Ne6 16. Qb3 Qd7 17. Rfd1 Rxc1
18. Rxc1 Rc8 19. Qb2 f6 20. Bg3 Rc6 21. Nd2 $14 {Nielsen,P (2642)-Matros,A 
(2455)/FIDE.com 2002}) (12... a5 13. O-O a4 14. Rc1 Be4 15. Rc3 Bd6 16. Bxd6
Qxd6 17. Nd4 Rfd8 18. f3 Bg6 19. Qd2 h6 20. Rfc1 b6 21. Bf1 Qf6 22. Qf2 Bf5 23.
Bb5 Bd7 $11 {Kohlweyer,B (2399)-Kasimdzhanov,R (2664)/Vlissingen 2003}) 13. O-O
Qg6 $2 {Ein zweifelhaftes Bauernopfer, das ruhig angenommen werden konnte.
Richtig ist das planmäßige 13...Be4.} (13... Be4 14. b4 Nd7 15. Bd4 Qg6 16. Rc1
Bd6 17. g3 Qe6 (17... h6 $1 $11) 18. Ng5 Qe7 19. Nxe4 dxe4 20. Qc2 a5 21. Rfd1
axb4 22. axb4 Rfd8 23. b5 Ba3 24. Ra1 Rac8 25. Qa4 Bc5 26. Bb2 $14 {Gustafsson,
J (2570)-Zude,A (2382)/Germany 2003}) 14. Nd4 $2 {Das ist zu passiv. Richtig
war die Annahme des Opfers nach dem Zwischenzug 14.b4!} (14. Qxd5 Be4 15. Qa2
a5 16. Rad1 a4 17. Qc4 Rac8 $14) (14. b4 $1 Bc2 (14... Nd7 15. Qxd5 $16) 15.
Qxd5 Be4 16. Qc4 Nd3 17. Bd4 Rac8 18. Qb3 $16) 14... Be4 $11 15. Bg3 (15. f3
Bd3 $11) 15... Bf6 16. Rc1 Nd3 17. Bxd3 Bxd3 18. Re1 h5 $5 {Als Folge des
weißen Fehlers im 14. Zug bekam Schart eine Traumstellung mit Isolani. Seine
beiden Läufer sind sehr mobil, und mit dem Textzug wird das Spiel gegen den
weißen König eingeleitet.} 19. Rc3 $6 {Weiterhin sorglos gespielt. Es war an
der Zeit, einen schwarzen Läufer abzutauschen.} (19. Ne2 $1 Bxe2 (19... Be4 20.
Nf4 $14) 20. Rxe2 h4 21. Bf4 Rac8 $11) 19... Be4 20. f3 h4 $1 21. Bf2 (21. Bf4
Bxd4 22. exd4 h3 23. g3 Bf5 $132) 21... Bxd4 $1 22. exd4 h3 23. g4 Bf5 24. Re5
Be6 25. Qf1 f5 $1 {In der Stellung mit den ungelichfarbigen Läufer hat Schwarz
einen sichereren König und steht damit minimal besser.} 26. Rce3 Rae8 27. Qxh3
fxg4 28. Qg3 Rf6 29. fxg4 $2 {Hulak unterschätzt die Gefahr. Er hätte die
f-Linie auf jeden Fall geschlossen halten müssen.} (29. Be1 Ref8 30. f4 $1 Bd7
31. Bb4 $11) 29... Ref8 $17 30. Be1 $2 {Der entscheidende Fehler, aber die
weiße Stellung war bereits äußerst unangenehm.} (30. Re2 Bxg4 31. Rd2 Bh3 32.
Qxg6 Rxg6+ 33. Kh1 Bf5 34. Bg3 Be4+ 35. Kg1 Rc6 $17) 30... Bxg4 $19 31. Qg2 (
31. h3 Rf1+ 32. Kh2 Qc2+ 33. Qg2 R1f2 $19) 31... Bh3 $1 0-1

[Event "FRA-chT Gp-A"]
[Site "France"]
[Date "2003.02.02"]
[Round "3.1"]
[White "Sokolov, Ivan"]
[Black "Bologan, Viktor"]
[Result "1/2-1/2"]
[WhiteElo "2688"]
[BlackElo "2630"]
[Annotator "Dautov,R"]
[PlyCount "80"]
[EventDate "2003.01.31"]
[EventType "team"]
[EventRounds "7"]
[EventCountry "FRA"]
[SourceTitle "CBM 094"]
[Source "ChessBase"]
[SourceDate "2003.05.26"]
[SourceVersion "1"]
[SourceVersionDate "2003.05.26"]
[SourceQuality "1"]
[WhiteTeam "Clichy"]
[BlackTeam "Gonfreville"]
[WhiteTeamCountry "FRA"]
[BlackTeamCountry "FRA"]

1. d4 Nf6 2. c4 e6 3. Nf3 d5 4. Nc3 Be7 5. Bf4 O-O 6. e3 Nbd7 7. Bd3 {Eine
ruhige Gangart gegen 6...Nbd7, Weiß begnügt sich mit einer fast ausgeglichenen
Stellung.} dxc4 8. Bxc4 a6 9. a4 c5 10. dxc5 Bxc5 11. O-O b6 12. Qe2 Bb7 13.
Rad1 $146 (13. Rfd1 Qe7 14. h3 (14. Nd4 Rfc8 15. Bg3 Nf8 16. Bd3 Bb4 17. Na2
Bd6 18. e4 Bxg3 19. hxg3 N6d7 20. Qe3 Ne5 21. Be2 Nfd7 $11 {Epishin,V-Vaganian,
R/BL 2001-2002.}) 14... Rfc8 15. Rac1 Nf8 16. Ne5 Ng6 17. Nxg6 hxg6 18. Be5 Nh5
19. Bh2 Qg5 20. Qg4 Qxg4 21. hxg4 Nf6 22. Be2 Kf8 23. g5 Nd5 $2 (23... Ne8 $1
24. Rd7 Bc6 $11) 24. Nxd5 Bxd5 25. a5 $16 {Gurevich,M-Vaganian,R/Moscow 2001})
13... Qc8 ({Nach} 13... Qe7 {wäre wahrscheinlich} 14. e4 $5 {gefolgt.}) 14. Rc1
Bc6 15. e4 (15. Ne5 Nxe5 16. Bxe5 Nd7 17. Bg3 Qb7 $11) 15... Qb7 16. Rfd1 Rfe8
{Plant die Überführung Nd7-f8-g6.} 17. e5 {Eine prinzipielle Fortsetzung, wie
man es von I.Sokolov gewöhnt ist.} Nd5 18. Nxd5 exd5 {Erzwungen und stark
zugleich.} (18... Bxd5 $2 19. Bxd5 exd5 20. Qd3 $16) 19. Ba2 $6 {Im weiteren
Verlauf der Partie wird man sehen, daß der Bauer a4 bald schutzbedürftig wird.
M.E. war hier 19.Bb3 angezeigt.} (19. Bb3 $1 Rad8 20. Qd3 $14) 19... a5 (19...
Rad8 $5 20. Qd2 {/\a4} a5 21. Bg5 Rc8 22. Bxd5 (22. Bf4 Rcd8 $11) 22... Nxe5
$11) 20. Qd3 Rad8 21. Ng5 $6 {Ivan überspannt den Bogen. Besser war es, mit 21.
Bb3 den Tempoverlust zuzugeben bzw. mit 21.Bg5 Remis zu forcieren.} (21. Bxd5
$2 Nxe5 $15) (21. Bg5 Rc8 22. Bf4 Rcd8 $11) (21. Bb3 $5) 21... Nf8 22. Bb1 $2 (
22. Bb3 Ng6 23. Qg3 (23. Bc2 h6 24. Nh3 d4 $17) 23... Nxf4 24. Qxf4 h6 25. Nf3
d4 $15) 22... h6 23. Nf3 (23. Nh7 $4 Ng6 $19) 23... Bxa4 24. b3 Bd7 {Der Bauer
ist weg, und die Kompensation ist fraglich.} 25. Nh4 (25. Qxd5 Qxd5 26. Rxd5
Bg4 27. Rxd8 Rxd8 $17) 25... Be7 (25... Bg4 $5 26. Re1 g5 $17) 26. e6 $6 {
Nur vorwärts! Diese nicht ganz korrekte, aber mutige Spielweise bleibt nicht
ohne Wirkung auf den Gegner.} (26. Nf5 Bxf5 27. Qxf5 Qd7 $17) (26. Qg3 $142)
26... Bxe6 27. Rc7 Qa8 28. Qg3 Bxh4 29. Qxh4 Rc8 30. Qg3 Rxc7 31. Bxc7 f6 $2 {
Bisher spielte Bologan vorzüglich, aber hier verliert er (möglicherweise in
Zeitnot) den Faden. Es gab keinen Grund, einen Bauern zurückzugeben.} ({Nach} 
31... Qb7 $1 32. Be5 f5 $17 {behielte er ausgezeichnete Gewinnchancen.}) 32.
Bxb6 $15 {Nun sollte Weiß nicht mehr verlieren.} a4 33. Bd4 axb3 34. Bxf6 Qb7
35. Bb2 $44 Re7 36. h3 Rf7 37. Rd4 Bf5 38. Bxf5 Rxf5 39. Rb4 Qe7 40. Rxb3 Rg5
1/2-1/2

[Event "Julian Borowski-A 2nd"]
[Site "Essen"]
[Date "2000.04.30"]
[Round "4"]
[White "Dautov, Rustem"]
[Black "Bischoff, Klaus"]
[Result "1/2-1/2"]
[WhiteElo "2602"]
[BlackElo "2544"]
[Annotator "Dautov,R"]
[PlyCount "46"]
[EventDate "2000.04.27"]
[EventType "tourn"]
[EventRounds "9"]
[EventCountry "GER"]
[EventCategory "15"]
[SourceTitle "CBM 077"]
[Source "ChessBase"]
[SourceDate "2000.07.27"]
[SourceVersion "1"]
[SourceVersionDate "2000.07.27"]
[SourceQuality "1"]

1. d4 Nf6 2. Nf3 e6 3. c4 d5 4. Nc3 Be7 5. Bf4 O-O 6. e3 a6 7. Qc2 c6 ({
Die prinzipielle Fortsetzung ist} 7... dxc4 8. Bxc4 b5 9. Bd3 Bb7 {, wonach
Weiß nur über einen leichten Vorteil verfügt.} 10. O-O (10. a4 $6 Nc6 $1 {/\Nb4
}) 10... Nbd7 11. Rfd1 (11. Ng5 h6 12. Nh7 Re8 13. Nxf6+ Nxf6 14. Rfd1 Qc8 15.
Rac1 c5 16. dxc5 Qxc5) (11. a4 b4 12. Ne4 Nxe4 13. Bxe4 Bxe4 14. Qxe4 c5 $11)
11... Rc8 $2 (11... Qc8 $5 12. Ne5 c5 13. Nxd7 Qxd7 14. dxc5 Qc6 $11) 12. Ne5
Qe8 13. Ne4 Nd5 14. Nxd7 Nb4 15. Ndf6+ gxf6 16. Qe2 $16 {Kortschnoj,V-Short,N/
Monte Carlo 1993}) 8. Bd3 Nbd7 (8... dxc4 {ist hier weniger ratsam, da Schwarz
die Diagonale für seinen Bb7 verstellt hat.} 9. Bxc4 b5 10. Bd3 Bb7 (10... Nbd7
11. Ne5 $1 (11. a4 bxa4 12. Nxa4 Bb4+ 13. Nd2 Qa5 $132) 11... Bb7 (11... c5 12.
Nc6 Qe8 13. Nxe7+ Qxe7 14. Ne4 $1 c4 15. Bd6 Qd8 16. Bxf8 cxd3 17. Qc6 $16) 12.
Nxd7 Qxd7 13. Be5 h6 14. Bxf6 Bxf6 15. Ne4 $16) 11. O-O Nbd7 12. e4 (12. a4 b4
13. Ne4 $14) 12... h6 13. e5 Nd5 14. Nxd5 cxd5 15. Qd2 $1 $14 {/\Bxh6}) 9. cxd5
(9. O-O dxc4 10. Bxc4 b5 11. Bd3 c5 {ist gut spielbar für Schwarz.}) 9... exd5
$2 {Schwarz unterschätzt die Gefährlichkeit der folgenden weißen Parade.
Vorsichtiger war 9...cxd5.} (9... cxd5 10. O-O b5 $1 (10... b6 $2 11. Na4 b5 (
11... Bb7 12. Bc7 $16) (11... Qe8 12. Ne5 h6 13. Nc6 $16) 12. Nc5 Nxc5 13. dxc5
$16) 11. a4 b4 12. Na2 Bb7 13. Nc1 Rc8 14. Qe2 Qb6 15. a5 Qa7 16. Nb3 $14 {
, und nach dem typischen Springermanöver bekommt Weiß eine etwas bessere
Stellung.}) 10. g4 $1 Re8 $2 {Nach reichlichem Nachdenken bevorzugte Klaus ein
inkorrektes Bauernopfer den Gefahren des weißen Angriffs.} (10... g6 11. O-O-O
(11. h4 $1 Nxg4 12. h5 {Bischoff} f5 13. hxg6 hxg6 14. O-O-O Ndf6 15. Nh4 $16)
11... b5 (11... Nxg4 $2 12. Rdg1 Nb6 13. h3 Nf6 14. Bh6 Re8 15. Bxg6 fxg6 16.
Rxg6+ $18) 12. Rhg1 (12. h4 $5) 12... b4 13. Na4 $16 {Disconzi da Silva,
R-Silveira,M/Brasilia 2000}) (10... h6 11. g5 (11. Rg1) 11... hxg5 12. Bxg5 $40
) 11. g5 Ne4 (11... Nh5 12. Bxh7+ Kh8 {sieht natürlich mehr als verdächtig aus.
Dennoch ist nicht alles klar.} 13. O-O-O $1 {ist die richtige Lösung. Anstatt
um den Bh7 bangen, opfert ihn Weiß lieber.} (13. Be5 $6 Bxg5 14. Bg6 $1 Bxe3 $1
15. Bxh5 (15. fxe3 fxg6 16. Qxg6 Nhf6 17. Ng5 Qe7 $13) 15... Bxd4 16. Nxd4 Nxe5
$44) (13. g6 $6 {Dies war meine ursprungliche Absicht. Nach den weiteren Zügen}
f6 (13... Nxf4 $2 14. gxf7 Rf8 15. Bg8 Nf6 16. exf4 Nxg8 17. Ne5 $18) 14. Bg3 (
14. Qf5 Nxf4 15. Qxf4 Qb6 16. Qh4 Nf8 $13 {ץh7}) 14... Nf8 $13 {bekommt
Schwarz gute Gegenchancen, da der weiße Bh7 außer Spiel ist.}) 13... Nxf4 14.
exf4 g6 15. Bxg6 fxg6 16. Qxg6 Nf8 (16... Bf8 17. f5 $16) 17. Qh5+ Kg8 18. Ne5
$16 {mit einem gefährlichen Angriff bei materialem Gleichgewicht.}) 12. Nxe4
dxe4 13. Bxe4 Qa5+ 14. Kf1 $16 Nf8 15. h4 Bg4 16. Ne5 Bh5 {Weiß hat eine
bessere Stellung und einen Mehrbauern dazu. Nach einem vernünftigen Zug wie, z.
B. 17.Kg2 wäre sein Gewinn nur die Frage der Zeit. Zu meinem Unglück begann
ich hier, schablonenhaft zu denken (mit Mehrmaterial ins Endspiel), anstatt
konkret zu berechnen.} 17. Qb3 $2 (17. Kg2 Ng6 (17... Rad8 $2 18. Nc4 Qb5 19.
Bc7 Rd7 20. a4 Qb4 21. Ba5 $18) 18. Bxg6 Bxg6 (18... hxg6 19. Qb3 Qd5+ 20. Qxd5
cxd5 21. f3 $18 {ץh5}) 19. Nxg6 hxg6 20. Qb3 (20. e4 $16) 20... Qb5 21. h5
Qxb3 22. axb3 Rad8 23. Kf3 $16) 17... Qb5+ 18. Bd3 (18. Qxb5 axb5 $132 {
/\Ra7,Rea8,><a2}) 18... Qxb3 19. axb3 Ne6 $1 20. Bg3 Rad8 $132 {Plötzlich
erwachen alle schwarzen Figuren zum Leben. Die Drohung, das Zenrum mit dem
Hebel c6-c5 zu öffnen, nimmt konkrete Gestalten an.} 21. Bc4 Bd6 $1 {
Erstaunlich! Trotz des Mehrbauerns und keinerlei Schwächen hat Weiß große Mühe,
etwas Vorteil zu behalten. Die Drohung c6-c5 ist zu stark.} 22. Kg2 (22. Nd3 $2
Bxg3 23. fxg3 Nxd4 24. exd4 b5 $15) (22. Bxe6 Rxe6 23. Nc4 $2 Bxg3 24. fxg3 b5
25. Ne5 f6 $17) 22... c5 23. Bxe6 ({Der einzige plausible Versuch, um Vorteil
zu kämpfen, war ein Läuferopfer, das ich wegen Zeitmangels verworfen habe.} 23.
d5 $1 Nc7 24. Nd3 Bxg3 25. Kxg3 b5 26. Nf4 $1 ({ich sah nur} 26. Nxc5 bxc4 27.
bxc4 Rd6 $13 {/\Rb8}) 26... bxc4 (26... Bg6 $2 27. Be2 $16) 27. bxc4 Bg6 28.
Ra5 Rb8 29. Rxc5 Rb7 30. Rc1 $14 {, und drei weiße Bauern mit dem Nf4 sehen
gut aus gegen zwei unglücklich stehende schwarze Leichtfiguren.} (30. h5 Bc2
31. Rc1 Ba4 $13)) 23... Rxe6 {Mit Remisangebot, das ich akzeptierte. Es
entsteht ein totremisliches Endspiel.} (23... Rxe6 24. Rhc1 (24. Nd3 cxd4 25.
Bxd6 Rexd6 $11) (24. Ra4 Be2 $1 {/\Bb5}) 24... cxd4 25. exd4 Bxe5 26. dxe5 (26.
Bxe5 f6 $11) 26... Rb6 27. Rc3 Bg4 $11 {/\Be6}) 1/2-1/2

[Event "EU-ch 6th"]
[Site "Warsaw"]
[Date "2005.06.27"]
[Round "9"]
[White "Williams, Simon Kim"]
[Black "Lputian, Smbat G"]
[Result "0-1"]
[WhiteElo "2466"]
[BlackElo "2640"]
[Annotator "Dautov,R"]
[PlyCount "104"]
[EventDate "2005.06.18"]
[EventType "swiss"]
[EventRounds "13"]
[EventCountry "POL"]
[SourceTitle "CBM 108"]
[Source "ChessBase"]
[SourceDate "2005.09.26"]
[SourceVersion "1"]
[SourceVersionDate "2005.09.26"]
[SourceQuality "1"]

1. d4 e6 2. c4 d5 3. Nc3 Nf6 4. Nf3 Nbd7 5. Bf4 dxc4 6. e3 Nd5 7. Bxc4 Nxf4 8.
exf4 {Diese Variante gilt als etwas besser für Weiß, der einen starken
Vorposten e5 für seine Springer hat.} Bd6 9. Ne5 O-O 10. Qc2 $5 $146 {Eine
neue und interessante Idee, Weiß plant u.U. einen Königsangriff mittels h2-h4
und ist bereit, lang zu rochieren. Bisher ist Weiß mit 10.0-0 gut gefahren.} (
10. O-O Nb6 (10... Nxe5 11. dxe5 Bb4 12. Qb3 $14) (10... Nf6 11. Qf3 c6 12.
Rad1 Qc7 13. Rfe1 Bd7 $14 {Shulman,Y (2480)-Cvetkovic,S (2430)/Belgrade 1998})
11. Bb3 Bd7 12. Qg4 Bxe5 (12... Bc6 13. Nxc6 bxc6 14. Ne4 g6 15. Qf3 $14) 13.
dxe5 Bc6 14. f5 exf5 15. Qxf5 Qe7 16. Rfe1 Rad8 17. Rad1 g6 18. Qf4 Kg7 $14 {
Ibragimov,I (2610)-Smagin,S (2575)/St Petersburg 1998}) 10... c5 {Ein
logischer Versuch, das Zentrum zu öffnen.} (10... Nb6 11. Bd3 h6 12. Qe2 Nd5
$13) 11. Ne4 $1 Qa5+ 12. Kf1 (12. Qd2 $2 {wäre natürlich nicht im Sinne des
Erfinders:} Bc7 13. Nxc5 Nxc5 14. b4 Qa3 15. dxc5 Rd8 16. Nd3 e5 $17) 12... Be7
13. h4 $1 {[%mdl 128] Nun muß Schwarz sehr aufpassen, denn der weiße Angriff
ist gefährlich.} cxd4 (13... h6 14. Ng5 Nf6 15. Ng4 Rd8 16. Ne5 Rf8 17. d5 $1
$40) 14. Ng5 Bxg5 $2 {Vorzuziehen war 14...g6, denn jetzt kommt Weiß in
Vorteil.} (14... Nf6 15. Bd3 g6 16. h5 $40) (14... g6 15. Nexf7 Rxf7 16. Bxe6
Ne5 17. Nxf7 $1 $14) 15. hxg5 g6 16. Qe4 Nxe5 17. fxe5 $16 Bd7 (17... Rd8 18.
Re1 (18. Qh4 $2 Qxe5 19. Qxh7+ Kf8 $11) 18... Qb4 19. b3 Qd2 20. Qh4 Kf8 21.
Rh3 $40) 18. Re1 $6 {Ein Zeitverlust, der Schwarz erlaubt, seine Stellung zu
konsolidieren.} ({Mit} 18. Qh4 $1 h5 19. gxh6 Qxe5 20. Re1 Qh5 21. Qxh5 gxh5
22. Rxh5 Bc6 23. Bd3 $16 {konnte Weiß ein vorteilhaftes Endspiel erreichen.})
18... Rac8 19. Qh4 h5 20. gxh6 Qd8 21. h7+ $2 {Mit einer weiteren
Ungenauigkeit vergibt Williams endgültig seinen Vorteil. Er sollte seinen
Bauern auf h6 belassen.} (21. Bd3 $1 Qxh4 (21... Kh7) 22. Rxh4 Bc6 23. g4 Rfd8
24. g5 $16) 21... Kh8 22. Bd3 Qxh4 23. Rxh4 Bc6 $11 24. g4 Bf3 25. g5 Kg7 26.
Rf4 Bc6 27. Ke2 Rh8 28. Rxd4 Rxh7 {Ein Remis wäre hier ein logischer
Partieabschluß. Im weiteren Partieverlauf wird Weiß nach und nach überspielt.}
29. Rg1 Rh2 30. Rgg4 Rh1 31. Rh4 Rg1 32. Rdg4 Ra1 33. a3 Bd5 34. Rh3 Ra2 35.
Rb4 a5 36. Rb5 a4 37. Ke3 Rc1 38. Rh4 Re1+ 39. Kd2 Raa1 (39... Rxe5 $2 40. f4
$16) 40. Ra5 $2 (40. Rxa4 $1 Bc6 41. Rab4 Bxb5 42. Rxb5 $11) 40... Rad1+ 41.
Kc2 Bb3+ 42. Kc3 Rg1 43. Be2 Rc1+ $17 44. Kb4 Rc8 45. Bb5 Rxg5 46. Bxa4 Bd5 47.
f4 Rc4+ 48. Kb5 Rxe5 49. Bb3 Bc6+ 50. Kxc4 Rxa5 51. Bc2 Rh5 52. Rg4 f5 0-1